Statistics for Lars Von Trier Movies

Click here to take the quiz!

General Stats

  • This quiz has been taken 250 times
  • The average score is 7 of 13

Answer Stats

YearAnswer% Correct
2013Nymphomaniac (Vol. I and II)
93%
2011Melancholia
87%
2009Antichrist
81%
2003Dogville
80%
2000Dancer In The Dark
71%
1996Breaking The Waves
70%
1998The Idiots
63%
1991Europa
48%
2005Manderlay
44%
1984The Element Of Crime
27%
1987Epidemic
25%
2006The Boss Of It All
25%
1982Images Of Liberation
8%

Score Distribution

Percentile by Number Answered

Percent of People with Each Score

Your Score History

You have not taken this quiz